Vývoj medzinárodnej ekonomiky v 1. šťvrťroku 2009
Globálny ekonomický vývoj a protikrízové opatrenia. Ceny komodít a inflačné tlaky. Hospodárstvo USA a Federálny výbor pre operácie na voľnom trhu (FOMC). Finančné faktory v Eurozóne. Kľúčové úrokové sadzby ECB. Príčiny spomalenia hospodárskeho rastu stredoeurópskych ekonomík.
Gespeichert in:
| 1. Verfasser: | |
|---|---|
| Weitere Verfasser: | , |
| Format: | Buchkapitel |
| Sprache: | Slowakisch |
| Schlagworte: | |
| Tags: |
Keine Tags, Fügen Sie das erste Tag hinzu!
|
MARC
| LEADER | 00000naa$a2200000$$$4500 | ||
|---|---|---|---|
| 001 | 0100492 | ||
| 005 | 20231116085532.8 | ||
| 041 | 0 | |a slo | |
| 044 | |a SK | ||
| 245 | 1 | 0 | |a Vývoj medzinárodnej ekonomiky v 1. šťvrťroku 2009 |c Marek Árendáš, Rastislav Čársky, Tomáš Kendera |
| 520 | |a Globálny ekonomický vývoj a protikrízové opatrenia. Ceny komodít a inflačné tlaky. Hospodárstvo USA a Federálny výbor pre operácie na voľnom trhu (FOMC). Finančné faktory v Eurozóne. Kľúčové úrokové sadzby ECB. Príčiny spomalenia hospodárskeho rastu stredoeurópskych ekonomík. | ||
| 610 | 2 | 0 | |a vývoj hospodársky |
| 610 | 2 | 0 | |a produkt domáci hrubý |
| 610 | 2 | 0 | |a zamestnanosť |
| 610 | 2 | 0 | |a stredná Európa |
| 610 | 2 | 0 | |a eurozóna |
| 610 | 2 | 0 | |a USA |
| 610 | 2 | 0 | |a inflácia |
| 100 | 1 | |a Árendáš, Marek | |
| 700 | 1 | |a Čársky, Rastislav | |
| 700 | 1 | |a Kendera, Tomáš | |